|
|
|
|
| LEADER |
00866nam a2200253 a 4500 |
| 001 |
3200206 |
| 008 |
090719s1987 enk b 001 0 eng d |
| 010 |
|
|
|a 77411806
|
| 020 |
|
|
|a 0582792940
|
| 020 |
|
|
|a 0435150324
|
| 040 |
|
|
|a DLC
|c DLC
|d DLC
|
| 082 |
0 |
0 |
|a 821/.4
|2 17
|
| 100 |
1 |
|
|a Dryden, John,
|d 1631-1700.
|
| 245 |
1 |
0 |
|a Selected poems of John Dryden /
|c notes by Christopher S. Nassaar.
|
| 260 |
|
|
|a Harlow, Essex, :
|b Longman,
|c 1987.
|
| 300 |
|
|
|a 80 p. :
|c 21 cm.
|
| 490 |
0 |
|
|a Longman Literature Guides
|
| 500 |
|
|
|a York Notes.
|
| 504 |
|
|
|a Includes index.
|
| 541 |
1 |
|
|e 00014261
|
| 700 |
1 |
|
|a Nassar, S. Christopher.
|
| 852 |
4 |
|
|a Ayesha Abed Library
|j General shelf.
|
| 999 |
|
|
|c 2533
|d 2533
|
| 952 |
|
|
|0 0
|1 0
|2 ddc
|4 1
|6 821_000000000000000__4_DRY
|7 0
|9 2405
|a BRACUL
|b BRACUL
|c SPS
|d 2009-07-22
|g 40.00
|l 1
|o 821.4 DRY
|p 3010014261
|r 2017-01-15
|s 2017-01-15
|t 1
|w 2009-07-22
|y BK
|